00199nam a2200085Ia 4500008004100000100002000041245003100061260001200092260000900104180219s9999 xx 000 0 und d aPremchand Munsi 0aPremchand Ki Amar Kahaniya aMathura c2012